25th International Winter Meeting on Fundamental Physics Selected Topics on High Energy and Astroparticle Physics (Record no. 531191)

000 -LEADER
fixed length control field 00486nam a2200133Ia 4500
008 - FIXED-LENGTH DATA ELEMENTS--GENERAL INFORMATION
fixed length control field 191014s9999 xx 000 0 und d
020 ## - INTERNATIONAL STANDARD BOOK NUMBER
International Standard Book Number 981-02-3587-9
082 ## - DEWEY DECIMAL CLASSIFICATION NUMBER
Classification number 539.7215
Author Mark AGU
100 ## - MAIN ENTRY--PERSONAL NAME
Personal name M. Aguilar Benitez, A. Morales, E. Fernandez, F. J. Yndurain
9 (RLIN) 20596
245 #0 - TITLE STATEMENT
Title 25th International Winter Meeting on Fundamental Physics Selected Topics on High Energy and Astroparticle Physics
260 ## - PUBLICATION, DISTRIBUTION, ETC.
Place of publication, distribution, etc. Singapore
Name of publisher, distributor, etc. World Scientific Company
Date of publication, distribution, etc. 1998
300 ## - PHYSICAL DESCRIPTION
Extent Xi,360
942 ## - ADDED ENTRY ELEMENTS (KOHA)
Koha item type Book
Holdings
Withdrawn status Lost status Damaged status Not for loan Permanent Location Current Location Date acquired Source of acquisition Cost, normal purchase price Total Checkouts Full call number Barcode Date last seen Price effective from Koha item type
        School of Natural Sciences (SNS) School of Natural Sciences (SNS) 10/15/2019 Donation 0.00   539.7215AGU SNS0002968 10/15/2019 10/15/2019 Book
© 2023 Central Library, National University of Sciences and Technology. All Rights Reserved.